000 00249nam a2200097Ia 4500
008 220203s9999 xx 000 0 und d
245 0 _aRubber Tapping
260 _bRubber Research Institute of India
_aKottayam
_c2009
650 _aTapping
942 _cPN
999 _c45178
_d45178